| 000 | 00744nam0a22002531 4500 | ||
|---|---|---|---|
| 001 | rc\413572 | ||
| 005 | 20250621075507.0 | ||
| 035 | _a(NLR Aleph) 005661379 | ||
| 090 |
_a6876728 _c6876728 |
||
| 100 | _a20030616d1987 |||y0rusy50 ca | ||
| 101 | 0 | _arus | |
| 102 | _aRU | ||
| 105 | _aa ||||||||| | ||
| 200 | 1 | _aМастер-плодовод | |
| 210 |
_aАлма-Ата _cКайнар _d1987 |
||
| 215 |
_a191, [1] c. _cил. _d17 |
||
| 225 | 1 | _aМолодежи - о сельских профессиях | |
| 320 | _aБиблиогр.: с. 191 | ||
| 700 | 1 |
_aАяпов _bК.Д. _gКерейдин Джаксылыкович |
|
| 801 | 0 |
_aRU _bNLR _gpsbo |
|
| 801 | 1 |
_aRU _bELAR _2rusmarc |
|
| 852 |
_aNLR _j87-2/1250 |
||
| 942 | _cBOOK | ||
| 980 | _aNB | ||